Demand for rented homes high (Record no. 117881)

MARC details
000 -LEADER
fixed length control field 01202cam a2200229 4500
001 - CONTROL NUMBER
control field WB@3612-503
008 - FIXED-LENGTH DATA ELEMENTS--GENERAL INFORMATION
fixed length control field 040823n2004 000 0 eng u
035 ## - SYSTEM CONTROL NUMBER
System control number (Sirsi) u127129
245 ## - TITLE STATEMENT
Title Demand for rented homes high
260 ## - PUBLICATION, DISTRIBUTION, ETC.
Date of publication, distribution, etc. 2004
490 ## - SERIES STATEMENT
Series statement RICS Press Release
Volume/sequential designation (pr080) 24 August 2004 (2)
520 ## - SUMMARY, ETC.
Summary, etc. The latest "RICS residential lettings survey Great Britain" has been published. It shows that rents are rising at the strongest pace for three years, with overall demand for rented homes remaining firm. This is due to many would be first time buyers taking up rented accommodation while they see how the housing market progresses. In the three months to July 2004, 13% more surveyors reported a rise than a fall. The average monthly rent in Great Britain (including London) for three months to July 2004 was £727 with most tenants being young adults - almost two-thirds are aged less than 35. http://www.rics.org/
590 ## - LOCAL NOTE (RLIN)
Local note WB
590 ## - LOCAL NOTE (RLIN)
Local note WB
650 ## - SUBJECT ADDED ENTRY--TOPICAL TERM
Topical term or geographic name entry element RICS RESIDENTIAL LETTINGS SURVEY GREAT BRITAIN
650 ## - SUBJECT ADDED ENTRY--TOPICAL TERM
Topical term or geographic name entry element LETTINGS MARKET SURVEY
650 ## - SUBJECT ADDED ENTRY--TOPICAL TERM
Topical term or geographic name entry element BUY-TO-LET
650 ## - SUBJECT ADDED ENTRY--TOPICAL TERM
Topical term or geographic name entry element RENTAL SECTOR
650 ## - SUBJECT ADDED ENTRY--TOPICAL TERM
Topical term or geographic name entry element RENTAL PRICES
690 ## - LOCAL SUBJECT ADDED ENTRY--TOPICAL TERM (OCLC, RLIN)
Topical term or geographic name as entry element HOUSING-MARKET
942 ## - ADDED ENTRY ELEMENTS (KOHA)
Suppress in OPAC 0
Holdings
Withdrawn status Lost status Source of classification or shelving scheme Damaged status Not for loan Home library Current library Shelving location Date acquired Total Checkouts Full call number Barcode Date last seen Copy number Price effective from Koha item type
    Dewey Decimal Classification     London London News article 23/08/2004   WB4033-09 127129-1001 06/08/2019 1 06/08/2019 News article